Určenie cien tepla z výhrevne so spaľovaním drevnej štiepky a zemného plynu

Návrh alternatívnej výhrevne s predpokladaným palivom - drevná štiepka a zemný plyn. Dodávky tepla z výhrevne. Určenie kotlov inštalovaných v alternatívnej výhrevni. Prevádzka výhrevne so spaľovaním drevnej štiepky a zemného plynu. Špecifikácia investičných nákladov na vykurovanie výhrevne. Ekonomic...

Ausführliche Beschreibung

Gespeichert in:
Bibliographische Detailangaben
1. Verfasser: Fabuš, Michal
Weitere Verfasser: Urban, František, Kučák, Ľubor
Format: Buchkapitel
Sprache:Slowakisch
Schlagworte:
Tags: Tag hinzufügen
Keine Tags, Fügen Sie das erste Tag hinzu!

MARC

LEADER 00000naa$a2200000$$$4500
001 0049406
005 20240522071212.7
041 0 |a slo 
044 |a SK 
245 1 0 |a Určenie cien tepla z výhrevne so spaľovaním drevnej štiepky a zemného plynu  |c Michal Fabuš ml., František Urban, Ľubor Kučák 
520 |a Návrh alternatívnej výhrevne s predpokladaným palivom - drevná štiepka a zemný plyn. Dodávky tepla z výhrevne. Určenie kotlov inštalovaných v alternatívnej výhrevni. Prevádzka výhrevne so spaľovaním drevnej štiepky a zemného plynu. Špecifikácia investičných nákladov na vykurovanie výhrevne. Ekonomická a finančná analýza výroby tepla vo výhrevni. 
610 2 0 |a investície 
610 2 0 |a konkurencia 
610 2 0 |a teplo 
610 2 0 |a plyn zemný 
610 2 0 |a výroba energie 
100 1 |a Fabuš, Michal 
700 1 |a Urban, František 
700 1 |a Kučák, Ľubor